Nejvyšší hory ČR - Statistics

General Stats
  • This quiz has been taken 22 times
  • The average score is 4 of 15
Answer Stats
výška pohoří hora % Correct
1603 m Krkonoše Sněžka
100%
1492 m Hrubý Jeseník Praděd
75%
1424 m Kralický Sněžník Kralický Sněžník
60%
1423 m Hrubý Jeseník Keprník
30%
1555 m Krkonoše Luční hora
30%
1509 m Krkonoše Vysoké kolo
30%
1554 m Krkonoše Studniční hora
20%
1472 m Krkonoše Violík
20%
1465 m Hrubý Jeseník Vysoká hole
20%
1435 m Krkonoše Kotel
10%
1439 m Krkonoše Malý Šišák
10%
1417 Krkonoše Mužské kameny
5%
1490 m Krkonoše Stříbrný hřbet
5%
1423 m Krkonoše Zadní planina
5%
1421 m Krkonoše Harrachovy kameny
0%
No matching quizzes found
Score Distribution
Percent of People with Each Score
Percentile by Number Answered
Your Score History
You have not taken this quiz